Japanese electronics : A worm's-eye view of its evolution
Contents: All eyes on Japan, the age of learning, the catch-up days, melancholia Americana, ...
Đã lưu trong:
| 主要作者: | |
|---|---|
| 格式: | 圖書 |
| 語言: | Undetermined |
| 出版: |
Tokyo
The Simul Press, Inc
1983
|
| 主題: | |
| 標簽: |
添加標簽
沒有標簽, 成為第一個標記此記錄!
|
| Thư viện lưu trữ: | Trung tâm Học liệu Trường Đại học Cần Thơ |
|---|
| LEADER | 00720nam a2200217Ia 4500 | ||
|---|---|---|---|
| 001 | CTU_82950 | ||
| 008 | 210402s9999 xx 000 0 und d | ||
| 082 | |a 537.5 | ||
| 082 | |b K46 | ||
| 100 | |a Kikuchi, Makoto | ||
| 245 | 0 | |a Japanese electronics : | |
| 245 | 2 | |b A worm's-eye view of its evolution | |
| 245 | 0 | |c Makoto Kikuchi ; translated by Simul International | |
| 260 | |a Tokyo | ||
| 260 | |b The Simul Press, Inc | ||
| 260 | |c 1983 | ||
| 520 | |a Contents: All eyes on Japan, the age of learning, the catch-up days, melancholia Americana, ... | ||
| 650 | |a Điện tử,Electronics | ||
| 650 | |z Nhật Bản,Japan | ||
| 904 | |i QHieu(sửa) | ||
| 980 | |a Trung tâm Học liệu Trường Đại học Cần Thơ | ||